| 000 | 01316nam a2200217Ia 4500 | ||
|---|---|---|---|
| 999 |
_c38351 _d38351 |
||
| 001 | 4361 | ||
| 003 | GE_BSU | ||
| 005 | 20191009151934.0 | ||
| 008 | 181216s1985||||ge |||||||||||||| ||geo|| | ||
| 040 | _cGE_BSU | ||
| 041 | _ageo | ||
| 080 | _a39(479.22) მ–36 | ||
| 245 |
_aმასალები საქართველოს ეთნოგრაფიისათვის : _bტ. 22. ხელეური / _cრედ. ვ. ითონიშვილი. |
||
| 264 |
_aთბილისი : _bმეცნიერება, _c1985. |
||
| 300 |
_a320 გვ. ; _b26 სმ. |
||
| 500 | _aეძღვნება საქ. სსრ მეცნ. აკად. აკადემიკოსს, პროფ. გიორგი სპირიდონის ძე ჩიტაიას დაბადების 95 წლისა და სამეცნ.-პედ. მოღვაწეობის 70 წლისთავზე | ||
| 653 | _aეთნოგრაფია | ||
| 700 |
_aითონიშვილი, ვ. _eრედაქტორი _93884 |
||
| 710 |
_aსაქ. სსრ მეცნ. აკად., ივ. ჯავახიშვილის სახ. ისტ., არქეოლ. და ეთნოგრ. ინ-ტი. _94105 |
||
| 942 |
_cBK _2udc |
||